Siouxsie and the Banshees: Albums by Cover - Statistics

General Stats
  • This quiz has been taken 12 times
  • The average score is 8 of 11
Answer Stats
Picture Hint Answer % Correct
1981 Juju
100%
1980 Kaleidoscope
100%
1995 The Rapture
86%
1986 Tinderbox
86%
1982 A Kiss in the Dreamhouse
71%
1984 Hyæna
71%
1988 Peepshow
71%
1991 Superstition
71%
1978 The Scream
71%
1979 Join Hands
57%
1987 Through the Looking Glass
57%
No matching quizzes found
Score Distribution
Percent of People with Each Score
Percentile by Number Answered
Your Score History
You have not taken this quiz